|
|
|
|
| LEADER |
00000naa2a2200000 4500 |
| 001 |
450450 |
| 005 |
20231101083337.0 |
| 035 |
|
|
|a (RuTPU)RU\TPU\prd\112611
|
| 090 |
|
|
|a 450450
|
| 100 |
|
|
|a 20110613a1977 k y0rusy50 ca
|
| 101 |
0 |
|
|a rus
|
| 102 |
|
|
|a RU
|
| 200 |
1 |
|
|a Генерация на трех линиях в лазере на смеси N2-Ar
|f Ю. И. Бычков [и др.]
|
| 320 |
|
|
|a Библиогр.: с. 1386 (6 назв.)
|
| 461 |
|
0 |
|0 (RuTPU)RU\TPU\prd\212
|t Квантовая электроника
|f Российская академия наук (РАН), Физический институт им. П. Н. Лебедева (ФИАН)
|d 1971-
|
| 463 |
|
0 |
|0 (RuTPU)RU\TPU\prd\101477
|t Т. 4, № 6
|v С. 1385-1387
|d 1977
|
| 610 |
1 |
|
|a труды учёных ТПУ
|
| 701 |
|
1 |
|a Бычков
|b Ю. И.
|
| 701 |
|
1 |
|a Лосев
|b В. Ф.
|c специалист в области автоматики и электроники
|c профессор Томского политехнического университета, доктор физико-математических наук
|f 1950-
|g Валерий Федорович
|2 stltpush
|3 (RuTPU)RU\TPU\pers\29388
|
| 701 |
|
1 |
|a Месяц
|b Г. А.
|c российский физик
|c академик, вице-президент РАН
|c выпускник Томского политехнического института
|f 1936-
|g Геннадий Андреевич
|2 stltpush
|3 (RuTPU)RU\TPU\pers\17099
|4 070
|
| 701 |
|
1 |
|a Тарасенко
|b В. Ф.
|c российский физик
|c профессор Томского политехнического университета, дотор физико-математических наук
|f 1946-
|g Виктор Федотович
|2 stltpush
|3 (RuTPU)RU\TPU\pers\27995
|4 070
|
| 801 |
|
1 |
|a RU
|b 63413507
|c 20110613
|
| 801 |
|
2 |
|a RU
|b 63413507
|c 20151201
|g RCR
|
| 942 |
|
|
|c BK
|